000 00558nam a2200169Ia 4500
008 090201s9999 xx 000 0 und d
010 _aKPL-9258
040 _bमराठी
041 _aमराठी
082 _a41198
_b9258
100 _aसुमति क्षेत्रमाडे
245 _aमैथिली
_cसुमति क्षेत्रमाडे
260 _c2004
_bमहाराष्ट्र ग्रंथ भांडार
300 _a50
_bमोठा
600 _aमैथिली
942 _cBOOK
999 _c238411
_d238411